Marketing with speeches and seminars : your key to more clients and referrals
| Main Author: | |
|---|---|
| Format: | Book |
| Published: |
Kuala Lumpur :
Golden Books Centre ,
1999
|
| Subjects: |
MARC
| LEADER | 00000cam a2200000 7i4500 | ||
|---|---|---|---|
| 001 | 0000003373 | ||
| 005 | 20050824.0 | ||
| 020 | 0 | 0 | |a 9837204044 |
| 090 | 0 | 0 | |a 658.8 |b OTT |
| 100 | 1 | 0 | |a Otte, Miriam |
| 245 | 1 | 0 | |a Marketing with speeches and seminars : |b your key to more clients and referrals |c Miriam Otte |
| 260 | 0 | 0 | |a Kuala Lumpur : |b Golden Books Centre , |c 1999 |
| 300 | |a 173p. ; |c 21cm. | ||
| 650 | 0 | 0 | |a Business presentations |
| 650 | 0 | 0 | |a Sales presentations |
| 999 | |a 0000006301 |b Monograph |c Open Shelf |e Default branch | ||